<?xml version="1.0" encoding="UTF-8"?>
<record
    xmlns:xsi="http://www.w3.org/2001/XMLSchema-instance"
    xsi:schemaLocation="http://www.loc.gov/MARC21/slim http://www.loc.gov/standards/marcxml/schema/MARC21slim.xsd"
    xmlns="http://www.loc.gov/MARC21/slim">

  <leader>01372nam a22003377a 4500</leader>
  <datafield tag="999" ind1=" " ind2=" ">
    <subfield code="c">8105</subfield>
    <subfield code="d">8105</subfield>
  </datafield>
  <controlfield tag="001">21610</controlfield>
  <controlfield tag="003">BD-DhUAP</controlfield>
  <controlfield tag="005">20220620132015.0</controlfield>
  <controlfield tag="008">090406s20002010enk      b    001 0 eng d</controlfield>
  <datafield tag="020" ind1=" " ind2=" ">
    <subfield code="a">9788130912790</subfield>
  </datafield>
  <datafield tag="040" ind1=" " ind2=" ">
    <subfield code="a">DLC</subfield>
    <subfield code="c">DLC</subfield>
    <subfield code="d">BD-DhUAP</subfield>
    <subfield code="d">BD-DhUAP</subfield>
    <subfield code="b">eng</subfield>
  </datafield>
  <datafield tag="082" ind1="0" ind2="0">
    <subfield code="a">820.99171241 McL</subfield>
    <subfield code="2">21</subfield>
  </datafield>
  <datafield tag="100" ind1="1" ind2=" ">
    <subfield code="a">McLeod, John,</subfield>
    <subfield code="d">1969-</subfield>
    <subfield code="9">41257</subfield>
  </datafield>
  <datafield tag="245" ind1="1" ind2="0">
    <subfield code="a">Beginning postcolonialism /</subfield>
    <subfield code="c">John McLeod.</subfield>
  </datafield>
  <datafield tag="260" ind1=" " ind2=" ">
    <subfield code="a">Manchester, U.K. ;</subfield>
    <subfield code="a">New York :</subfield>
    <subfield code="b">Manchester University Press :</subfield>
    <subfield code="b">Distributed exclusively in the USA by St. Martin's Press,</subfield>
    <subfield code="c">2000.</subfield>
  </datafield>
  <datafield tag="300" ind1=" " ind2=" ">
    <subfield code="a">xii, 274 pages ;</subfield>
    <subfield code="c">20 cm.</subfield>
  </datafield>
  <datafield tag="490" ind1="1" ind2=" ">
    <subfield code="a">Beginnings</subfield>
  </datafield>
  <datafield tag="504" ind1=" " ind2=" ">
    <subfield code="a">Includes bibliographical references (pages [261]-268) and index.</subfield>
  </datafield>
  <datafield tag="650" ind1=" " ind2="0">
    <subfield code="a">Commonwealth literature (English)</subfield>
    <subfield code="x">History and criticism.</subfield>
    <subfield code="9">41258</subfield>
  </datafield>
  <datafield tag="650" ind1=" " ind2="0">
    <subfield code="a">English literature</subfield>
    <subfield code="y">19th century</subfield>
    <subfield code="x">History and criticism.</subfield>
    <subfield code="9">41259</subfield>
  </datafield>
  <datafield tag="650" ind1=" " ind2="0">
    <subfield code="a">English literature</subfield>
    <subfield code="y">20th century</subfield>
    <subfield code="x">History and criticism.</subfield>
    <subfield code="9">41260</subfield>
  </datafield>
  <datafield tag="650" ind1=" " ind2="0">
    <subfield code="a">Postcolonialism</subfield>
    <subfield code="z">Commonwealth countries.</subfield>
    <subfield code="9">41261</subfield>
  </datafield>
  <datafield tag="650" ind1=" " ind2="0">
    <subfield code="a">Postcolonialism in literature.</subfield>
    <subfield code="9">41262</subfield>
  </datafield>
  <datafield tag="650" ind1=" " ind2="0">
    <subfield code="a">Imperialism in literature.</subfield>
    <subfield code="9">41263</subfield>
  </datafield>
  <datafield tag="650" ind1=" " ind2="0">
    <subfield code="a">Colonies in literature.</subfield>
    <subfield code="9">41264</subfield>
  </datafield>
  <datafield tag="651" ind1=" " ind2="0">
    <subfield code="a">Commonwealth countries</subfield>
    <subfield code="x">In literature.</subfield>
    <subfield code="9">41265</subfield>
  </datafield>
  <datafield tag="651" ind1=" " ind2="0">
    <subfield code="a">Developing countries</subfield>
    <subfield code="x">In literature.</subfield>
    <subfield code="9">41266</subfield>
  </datafield>
  <datafield tag="830" ind1=" " ind2="0">
    <subfield code="a">Beginnings (Manchester, England)</subfield>
    <subfield code="9">41267</subfield>
  </datafield>
  <datafield tag="942" ind1="0" ind2="0">
    <subfield code="0">1</subfield>
    <subfield code="2">ddc</subfield>
    <subfield code="c">BK</subfield>
  </datafield>
  <datafield tag="952" ind1=" " ind2=" ">
    <subfield code="0">0</subfield>
    <subfield code="1">0</subfield>
    <subfield code="2">ddc</subfield>
    <subfield code="4">0</subfield>
    <subfield code="7">0</subfield>
    <subfield code="a">UAPCL</subfield>
    <subfield code="b">UAPCL</subfield>
    <subfield code="c">General Stacks</subfield>
    <subfield code="d">2022-06-20</subfield>
    <subfield code="o">820.99171241 McL</subfield>
    <subfield code="p">3010021610</subfield>
    <subfield code="r">2022-06-20</subfield>
    <subfield code="t">1</subfield>
    <subfield code="w">2022-06-20</subfield>
    <subfield code="y">BK</subfield>
  </datafield>
</record>
